| 000 | 01302nam a2200373 i 4500 | ||
|---|---|---|---|
| 001 | 196167 | ||
| 003 | ES-MaACL | ||
| 005 | 20250507063025.0 | ||
| 008 | 240816s2010 sp a | |||| 000 0 spa | ||
| 015 | _aMON10 | ||
| 017 |
_aB 35128-2010 _bOficina Depósito Legal Barcelona |
||
| 020 | _a9788466644099 | ||
| 035 | _a(OCoLC)698725582 | ||
| 035 | _a(SpMaBN)a4971859 | ||
| 035 | _a991027308109708606 | ||
| 040 |
_aSpMaBN _bspa _cSpMaBN _erdc |
||
| 080 | _a177.1 | ||
| 100 |
_aTusquets, Esther, _d1936-2012 _9238415 _eaut |
||
| 240 | 1 | 0 | _aPequeños delitos abominables |
| 245 | 1 | 0 |
_aPequeños delitos abominables : _bcatálogo irreverente de buenas maneras / _cEsther Tusquets. |
| 250 | _a1ª ed. | ||
| 260 |
_aBarcelona : _bEdiciones B, _c2010. |
||
| 300 |
_a303 p. : _bil. ; _c23 cm. |
||
| 336 |
_2rdacontent _atexto |
||
| 337 |
_2rdamedia _asin mediación |
||
| 338 |
_2rdacarrier _avolumen |
||
| 490 | 0 | _aNo ficción. Divulgación | |
| 650 | 4 |
_aEtiqueta _2embne _912596 |
|
| 852 |
_aES-MaACL _bR.154471 _cDEPOJ _jN-9235 _hDonación: Editorial _xEncuadernación rústica con solapas _9205200 |
||
| 942 |
_cMONOGRAFIA _n0 |
||
| 999 |
_c196167 _d196167 |
||